000 01125nam a22002291a 4500
001 18476
003 OSt
005 20260204212407.0
008 180118s2017||||dr ||||||b||||||||||spa||
090 _aEDU-MF 2017 G83
100 1 _aGuerrerpo Adames,Gladis Nelva
_esustentante
245 1 _aIntegración de la TIC´s en el proceso en enseñanza aprendizaje de la Matemática, en el Politécnico Padre Fantino del Distrito Educativo 16-02 de Fantino/Gladis Nelva Guerrero Adames, Luis Manuel Ureña Peña ; asesor Radhames Aquiles Guzmán
260 _aCotuí, República Dominicana :
_bUTECO,
_c2017
300 _a59 hojas :
_bIlustraciones ;
_c28cm.
502 _aTrabajo de grado (Educación mención Matemática y Física)--Universidad Tecnológica del Cibao Oriental, 2017
504 _aIncluye referencia bibliográfica e índice
650 4 _aIntegración de la TIC´s en el proceso en enseñanza
700 1 _a Ureña Peña, Luis Manuel
_esustentante
700 1 _a Aquiles Guzmán, Radhames
_easesor
830 _aTesis y disertaciones académicas (Universidad Tecnológica del Cibao Oriental)
942 _2LC
_cTH
999 _c18476
_d18476